[Event "CFriend AP-2005-Q-00002 email"]
[Site "Chessfriend.com"]
[Date "2005.02.04"]
[Round "1"]
[White "Bies, Gustavo Alejandro"]
[Black "Yarokhovich, Yura"]
[Result "1/2-1/2"]
[WhiteElo "2040"]
[BlackElo "1709"]
[PlyCount "42"]
[EventDate "2005.??.??"]
[EventType "tourn (corr)"]
[EventRounds "12"]
[SourceTitle "Corr 2024"]
[Source "ChessBase"]
[SourceDate "2023.10.19"]
[SourceVersion "1"]
[SourceVersionDate "2023.10.19"]
[SourceQuality "1"]

1. e4 e6 2. d4 d5 3. Nd2 c5 4. exd5 exd5 5. Ngf3 Nc6 6. Bb5 Bd6 7. 0-0 Nge7 8. dxc5 Bxc5 9. Nb3 Bd6 10. Re1 0-0 11. Bd3 Qc7 12. c3 Bg4 13. Bxh7+ Kh8 14. Bd3 Bxh2+ 15. Kf1 Rfe8 16. Be3 Kg8 17. Nbd4 Nxd4 18. Bxd4 Nc6 19. Rxe8+ Rxe8 20. Be3 Bd6 21. Be2 Bf4 1/2-1/2

[Event "CFriend AP-2005-Q-00002 email"]
[Site "Chessfriend.com"]
[Date "2005.02.04"]
[Round "1"]
[White "Helmer, Janos"]
[Black "Yarokhovich, Yura"]
[Result "1-0"]
[WhiteElo "2169"]
[BlackElo "1709"]
[PlyCount "41"]
[EventDate "2005.??.??"]
[EventType "tourn (corr)"]
[EventRounds "12"]
[SourceTitle "Corr 2024"]
[Source "ChessBase"]
[SourceDate "2023.10.19"]
[SourceVersion "1"]
[SourceVersionDate "2023.10.19"]
[SourceQuality "1"]

1. Nf3 d5 2. g3 Nf6 3. Bg2 c6 4. b3 Bf5 5. d3 e6 6. Bb2 Nbd7 7. Nbd2 Bd6 8. 0-0 e5 9. e4 Be6 10. exd5 cxd5 11. Re1 Qc7 12. c4 d4 13. a3 0-0 14. b4 Rfe8 15. Ng5 Bg4 16. Qb3 h6 17. Nge4 Bf8 18. c5 Nxe4 19. Nxe4 Be6 20. Qd1 Rac8 21. Nd2 1-0

[Event "CFriend AP-2005-Q-00002 email"]
[Site "Chessfriend.com"]
[Date "2005.02.04"]
[Round "1"]
[White "Prestage, George"]
[Black "Yarokhovich, Yura"]
[Result "1-0"]
[WhiteElo "1774"]
[BlackElo "1709"]
[PlyCount "79"]
[EventDate "2005.??.??"]
[EventType "tourn (corr)"]
[EventRounds "12"]
[SourceTitle "Corr 2024"]
[Source "ChessBase"]
[SourceDate "2023.10.19"]
[SourceVersion "1"]
[SourceVersionDate "2023.10.19"]
[SourceQuality "1"]

1. e4 e6 2. d4 d5 3. Nd2 c5 4. Ngf3 Nc6 5. exd5 exd5 6. Bb5 Bd6 7. dxc5 Bxc5 8. 0-0 Nge7 9. Nb3 Bd6 10. Re1 0-0 11. Bd3 Qc7 12. h3 Nb4 13. a3 Nxd3 14. Qxd3 Bd7 15. Bd2 Rfe8 16. Bb4 a5 17. Bc3 a4 18. Nbd4 Qc4 19. Qxc4 dxc4 20. Rad1 Bc7 21. Ne2 Bc6 22. Ned4 Bd7 23. Ne5 Bxe5 24. Rxe5 f6 25. Rc5 Rac8 26. Ra5 Nc6 27. Rd5 Nxd4 28. Rxd7 Ne2+ 29. Kf1 Nxc3 30. bxc3 b5 31. R7d5 Rb8 32. Rb1 Re5 33. Rxe5 fxe5 34. Rd1 Kf7 35. Rd7+ Kf6 36. Ke2 h5 37. Ke3 g5 38. Ke4 Rb6 39. f3 g4 40. fxg4 1-0

[Event "CFriend AP-2005-Q-00002 email"]
[Site "Chessfriend.com"]
[Date "2005.02.04"]
[Round "1"]
[White "Yarokhovich, Yura"]
[Black "Carlomagno, Rosanna"]
[Result "0-1"]
[WhiteElo "1709"]
[BlackElo "1931"]
[PlyCount "62"]
[EventDate "2005.??.??"]
[EventType "tourn (corr)"]
[EventRounds "12"]
[SourceTitle "Corr 2024"]
[Source "ChessBase"]
[SourceDate "2023.10.19"]
[SourceVersion "1"]
[SourceVersionDate "2023.10.19"]
[SourceQuality "1"]

1. e4 e5 2. Nf3 Nc6 3. Bb5 a6 4. Ba4 Nf6 5. 0-0 Be7 6. Re1 b5 7. Bb3 0-0 8. c3 d5 9. exd5 Nxd5 10. Nxe5 Nxe5 11. Rxe5 c6 12. d4 Bd6 13. Re1 Qh4 14. g3 Qh3 15. Re4 g5 16. a4 Bf5 17. Nd2 b4 18. cxb4 Rab8 19. b5 axb5 20. axb5 Rxb5 21. Bc4 Rbb8 22. Re1 Bb4 23. Ra6 Bd7 24. Re2 h6 25. Re5 f6 26. Re4 Kh8 27. Nb3 Ra8 28. Nc5 Rxa6 29. Nxa6 Bd6 30. Bf1 Qf5 31. Bd3 Qh3 0-1

[Event "CFriend AP-2004-Q-00005 email"]
[Site "Chessfriend.com"]
[Date "2004.02.11"]
[Round "?"]
[White "Tkalecz Delgado, David Hernan"]
[Black "Yarokhovich, Yura"]
[Result "1-0"]
[WhiteElo "1800"]
[BlackElo "1800"]
[PlyCount "23"]
[EventDate "2004.??.??"]
[EventType "tourn (corr)"]
[EventRounds "12"]
[SourceTitle "Corr 2008"]
[Source "ChessBase"]
[SourceDate "2008.06.24"]
[SourceVersion "1"]
[SourceVersionDate "2008.06.24"]
[SourceQuality "1"]

1. d4 Nf6 2. c4 e6 3. g3 Bb4+ 4. Bd2 Bxd2+ 5. Qxd2 0-0 6. Bg2 d5 7. Nf3 Nbd7 8. 0-0 c5 9. Rd1 cxd4 10. Na3 e5 11. cxd5 Nxd5 12. Nxe5 1-0

[Event "CFriend AP-2004-Q-00005 email"]
[Site "Chessfriend.com"]
[Date "2004.02.11"]
[Round "?"]
[White "Vosahlik, Jiri"]
[Black "Yarokhovich, Yura"]
[Result "1-0"]
[WhiteElo "2456"]
[BlackElo "1800"]
[PlyCount "49"]
[EventDate "2004.??.??"]
[EventType "tourn (corr)"]
[EventRounds "12"]
[SourceTitle "Corr 2008"]
[Source "ChessBase"]
[SourceDate "2008.06.24"]
[SourceVersion "1"]
[SourceVersionDate "2008.06.24"]
[SourceQuality "1"]

1. e4 e6 2. d4 d5 3. e5 c5 4. Nc3 cxd4 5. Nb5 Nc6 6. Nf3 Bc5 7. h4 a6 8. Nbxd4 Bxd4 9. Nxd4 Nxe5 10. Bf4 Ng6 11. Bg3 e5 12. h5 Qa5+ 13. c3 exd4 14. Qxd4 Nf6 15. hxg6 fxg6 16. Bd6 Kf7 17. Be5 Re8 18. 0-0-0 h5 19. Kb1 Bf5+ 20. Bd3 Bxd3+ 21. Rxd3 Rad8 22. Rf3 Re6 23. g4 hxg4 24. Rxf6+ gxf6 25. Bc7 1-0

[Event "CFriend AP-2004-Q-00005 email"]
[Site "Chessfriend.com"]
[Date "2004.02.11"]
[Round "?"]
[White "Yarokhovich, Yura"]
[Black "Raugstad, Oddvard"]
[Result "0-1"]
[WhiteElo "1800"]
[BlackElo "1408"]
[PlyCount "26"]
[EventDate "2004.??.??"]
[EventType "tourn (corr)"]
[EventRounds "12"]
[SourceTitle "Corr 2008"]
[Source "ChessBase"]
[SourceDate "2008.06.24"]
[SourceVersion "1"]
[SourceVersionDate "2008.06.24"]
[SourceQuality "1"]

1. d4 d6 2. c4 e5 3. e3 f5 4. Nc3 Nf6 5. dxe5 dxe5 6. Qxd8+ Kxd8 7. Nf3 Nc6 8. Bd2 Be6 9. Rd1 Bb4 10. a3 Bd6 11. Bc1 Ke7 12. b4 b6 13. Nb5 a6 0-1